000 00905nas a2200277 4500
001 BR8500330
003 BR-BrBNA
005 20231205090101.0
007 ta
008 230509b bl.|||p| |||| 00| 00por d
040 _aBR-BrBNA
_bpor
_cBiblioteca Nacional de Agricultura
041 _a(Pt)
072 _aH50
100 1 _aMaluf, A.M.
100 1 _aMartins, P.S.
100 1 _aFerreira-Rossi, P.E.
100 1 _aMaluf, W.R.
245 1 _aAvaliacao de populacoes de leucena para tolerancia ao aluminio, 2: analise de conglomeracao
246 1 _aEvaluation of populations of leucaena for tolerance to aluminum, 2: clustering analysis
650 _aLEUCAENA
650 _aALUMINIO
650 _aTOXIDEZ
773 0 _tPesquisa Agropecuaria Brasileira (Brazil)
_xISSN 0100-204X
_g(Aug 1984), v. 19(8) p. 999-1002
_wBR8500330
909 _a202311
_bLúcia
_c55
_dLúcia Elande
942 _2AGRIS
_n0
_cANA
999 _c116042
_d116042